Social Psychology

Gespeichert in:
Bibliographische Detailangaben
Hauptverfasser: Lambert, William W (VerfasserIn), Lambert, Wallace E (VerfasserIn)
Format: Buch
Sprache:Englisch
Veröffentlicht: Englewood Cliffs Prentice-Hall 1973
Ausgabe:2a. ed
Schlagworte:
Tags: Tag hinzufügen
Keine Tags, Fügen Sie den ersten Tag hinzu!

MARC

LEADER 00000cam a2200000 a 4500
001 UCI2114
003 CL-VaPUC
008 070803e19730000us |||||||||||||||||eng|d
020 |a 013818013X 
082 0 4 |a 302  |b LAM  |2 21 
100 |a Lambert, William W  |e author  |9 522972 
700 |a Lambert, Wallace E  |e author  |9 522973 
245 1 0 |a Social Psychology 
250 |a 2a. ed 
300 |a 173 p 
942 |c BK 
945 |d 20070803 00:00:00  |a jtorresc 
260 |a Englewood Cliffs  |b Prentice-Hall  |c 1973 
650 0 |a Sociología   |9 255410 
650 0 |a Ciencias sociales   |9 256351 
650 0 |a Psicología social   |9 222894 
650 0 |a Interacción social   |9 307764 
650 0 |a Metodología   |9 256610 
650 0 |a Pruebas psicológicas  |9 307459 
650 0 |a Familias   |9 255641 
650 0 |a Educación  |9 258661 
650 0 |a Psiquiatría  |9 308427 
650 0 |a Antropología   |9 233030 
650 7 |a PSICOLOGIA GENETICA  |2 CL-VaPUC  |9 308771 
650 0 |a Aprendizaje   |9 254827 
650 0 |a Adaptación social  |9 336043 
583 |a last modification  |c 20150424 04:37:57  |k Rodrigo Vera 
999 |c 326749  |d 326747 
952 |0 0  |1 0  |4 0  |6 302_000000000000000_LAM_1973  |7 0  |8 A  |9 408865  |a FDOPOS  |b FDOPOS  |d 2019-11-22  |i 4361334  |o 302 LAM 1973  |p 4361334  |r 2025-01-22  |w 2019-11-22  |y BK  |k MLA